000 00692nam a2200241Ia 4500
005 20260121112756.0
008 8694 260114s9999 xx 000 0 eng d
020 _a9789812705556
037 _aEBOOK
040 _aCRL
_beng
_cCRL
041 _aeng
_2eng
084 _qCRL
100 _aTakayanagi Hideaki & Nitta Junsaku
_9963011
245 0 _aToward the Controllable Quantum States: Mesoscopic Superconductivity and Spintronics
260 _bWorld Scientific
260 _bWSPC
260 _c2003
650 _aPhysics
_9963012
856 _uhttps://www.worldscientific.com/worldscibooks/10.1142/5104#t=toc
942 _cEBOOK
999 _c1545994
_d1545994